Institutionalising microfinance in India: an overview of strategic issues (Record no. 47683)

000 -LEADER
fixed length control field 01216pab a2200181 454500
008 - FIXED-LENGTH DATA ELEMENTS--GENERAL INFORMATION
fixed length control field 180718b2001 xxu||||| |||| 00| 0 eng d
100 ## - MAIN ENTRY--PERSONAL NAME
Personal name Nair, Tara S.
245 ## - TITLE STATEMENT
Title Institutionalising microfinance in India: an overview of strategic issues
260 ## - PUBLICATION, DISTRIBUTION, ETC.
Date of publication, distribution, etc. 2001
300 ## - PHYSICAL DESCRIPTION
Extent p.399-404
362 ## - DATES OF PUBLICATION AND/OR SEQUENTIAL DESIGNATION
Dates of publication and/or sequential designation 27 Jan
520 ## - SUMMARY, ETC.
Summary, etc. There has been an increasing tendency to use the term microfinance - seen to be the most effective intervention towards poverty alleviation, to refer solely to formalised institutions - leaving aside a large informal section, that could include individuals and informal associations as well. Current efforts to mainstream microfinance operations in the non-financial sector of the country, while acknowledging the failure of state-owned credit institutions, should also take into account, among others, the programmatic success of several intermediary developmental institutions like the small savings and credit groups that have proved not only profitable but an effective poverty alleviation measure. - Reproduced
650 ## - SUBJECT ADDED ENTRY--TOPICAL TERM
Topical term or geographic name entry element Poverty - India
650 ## - SUBJECT ADDED ENTRY--TOPICAL TERM
Topical term or geographic name entry element Financial institutions - India
650 ## - SUBJECT ADDED ENTRY--TOPICAL TERM
Topical term or geographic name entry element Financial institutions
773 ## - HOST ITEM ENTRY
Main entry heading Economic and Political Weekly
909 ## -
-- 47683
Holdings
Withdrawn status Lost status Damaged status Not for loan Permanent Location Current Location Date acquired Serial Enumeration / chronology Barcode Date last seen Price effective from Koha item type
        Indian Institute of Public Administration Indian Institute of Public Administration 2018-07-19 Volume no: 36, Issue no: 4 AR48111 2018-07-19 2018-07-19 Articles

Powered by Koha